| 000 | 01329nam a2200325 a 4500 | ||
|---|---|---|---|
| 001 | 000005373 | ||
| 005 | 20200929151646.0 | ||
| 008 | 090819s2002 sp 001 0 spa d | ||
| 020 | _a8400080254 | ||
| 040 |
_aDO-SdBNP _bspa _cBNPHU |
||
| 082 |
_a851 _bF572e |
||
| 100 | 1 |
_aFlaco, Quinto Horacio _915240 |
|
| 240 | 1 | 0 |
_aPrótagoras _lEspañol-Griego |
| 245 | 1 | 0 |
_aEpístolas : _barte poética / _cQuinto Horacio Flaco ; introducción, traducción y notas de Fernando Navarro Antolín, Quinto Horacio Flaco. |
| 260 |
_aMadrid, España : _bMinisterio de Educación y Ciencia _bConsejo Superior de Investigaciones Científicas, _c2002. |
||
| 300 |
_acxlv, 239 p. ; _c22 cm. |
||
| 490 | 1 | _aAlma Mater ; | |
| 490 | 1 | _aAutores griegos y latinos ; | |
| 500 | _aIncluye referencias biblográficas y notas al pie de las páginas | ||
| 500 | _aIncluye índice | ||
| 504 | _aBibliografía : p. 101 - 142 | ||
| 546 | _aTexto en griego y traducción paralela en español, introducción en español | ||
| 600 | 1 | 4 |
_aHORACIO FLACO, QUINTO _d65 a c. - 8 a c. _915241 |
| 650 | 4 |
_aPoesía _xCrítica e interpretación _915242 |
|
| 650 | 4 |
_aPoesía italiana _xAnterior a 1400 _915243 |
|
| 700 | 1 |
_aNavarro Antolín, Fernando, _etr. _915244 |
|
| 830 | 0 |
_aAlma Mater ; _9807 |
|
| 830 | 0 |
_aAutores griegos y latinos ; _915129 |
|
| 049 | _aBNPD | ||
| 999 |
_c5173 _d5173 |
||